[Event "Eurotel Trophy"]
[Site "Prague"]
[Date "2002.04.29"]
[Round "1.1"]
[White "Tkachiev, Vladislav"]
[Black "Grischuk, Alexander"]
[Result "1/2-1/2"]
[WhiteElo "2633"]
[BlackElo "2702"]
[PlyCount "56"]
[EventDate "2002.04.28"]
[Source "ChessBase"]
[SourceDate "2002.08.12"]

1. e4 e5 2. Nf3 Nc6 3. Bc4 Bc5 4. c3 Nf6 5. d3 d6 6. Nbd2 a6 7. Nf1 Ba7 8. Bb3
Ne7 9. Ng3 Ng6 10. O-O O-O 11. h3 Be6 12. Re1 Re8 13. Bc2 d5 14. Ng5 Bd7 15.
exd5 h6 16. Nf3 Nxd5 17. d4 exd4 18. Rxe8+ Qxe8 19. Nxd4 Rd8 20. Bd2 Bxd4 21.
cxd4 Bc6 22. Bxg6 fxg6 23. Qb3 Qf7 24. Re1 Nf6 25. Qxf7+ Kxf7 26. Bf4 Nd5 27.
Bd2 Nf6 28. Bf4 Nd5 1/2-1/2

[Event "Eurotel Trophy"]
[Site "Prague"]
[Date "2002.04.29"]
[Round "1.4"]
[White "Tkachiev, Vladislav"]
[Black "Grischuk, Alexander"]
[Result "1-0"]
[WhiteElo "2633"]
[BlackElo "2702"]
[PlyCount "73"]
[EventDate "2002.04.28"]
[Source "ChessBase"]
[SourceDate "2002.08.12"]

1. e4 e5 2. Nf3 Nc6 3. Bc4 Bc5 4. c3 Nf6 5. d3 a6 6. Nbd2 Ba7 7. Nf1 Ng4 8.
Bxf7+ Kxf7 9. Ng5+ Kg8 10. Qxg4 Qf6 11. Nf3 d6 12. Qg3 h6 13. Be3 Bb8 14. d4
exd4 15. Bxd4 Nxd4 16. cxd4 c5 17. Ne3 Be6 18. O-O cxd4 19. Nd5 Bxd5 20. exd5
Kh7 21. Rfe1 Qf7 22. Nxd4 Ba7 23. Ne6 Rhc8 24. Rac1 Qf6 25. Qd3+ Kh8 26. Qd2 b5
27. h3 Bb6 28. Re2 Qf5 29. Rc3 Rxc3 30. Qxc3 Rg8 31. Qc2 Qf6 32. Re4 Qf5 33.
Re2 Qf6 34. Qd3 Rc8 35. g3 Rc4 36. Nf4 Rc7 37. Re8+ 1-0

[Event "Bled ol (Men)"]
[Site "?"]
[Date "2002.11.01"]
[Round "7"]
[White "Macieja Bartlomiej"]
[Black "Grischuk Alexander"]
[Result "1/2-1/2"]
[WhiteElo "2615"]
[BlackElo "2702"]
[PlyCount "52"]
[EventDate "2002.??.??"]
[Source "www.chesslib.no"]
[SourceDate "2004.05.04"]

1. e4 e5 2. Nf3 Nc6 3. Bc4 Bc5 4. c3 Nf6 5. d3 a6 6. Nbd2 Ba7 7. Bb3 O-O 8. h3
d6 9. Nf1 d5 10. Qe2 dxe4 11. dxe4 Qe7 12. N3h2 Be6 13. Ng4 Bxb3 14. axb3 Qe6
15. b4 Ne7 16. Ng3 Ne8 17. Ne3 Nd6 18. Qg4 Qg6 19. Nef5 Rfe8 20. Nxe7+ Rxe7 21.
Nf5 Rd7 22. Qxg6 hxg6 23. Nxd6 Rxd6 24. Ke2 c6 25. Bg5 f6 26. Bh4 Rad8 1/2-1/2

[Event "Corr"]
[Site "?"]
[Date "2002.01.15"]
[Round "?"]
[White "Elwert Hans-Marcus (GER)"]
[Black "Rause Mrs.Olita (LAT)"]
[Result "1/2-1/2"]
[WhiteElo "2687"]
[BlackElo "2708"]
[PlyCount "36"]
[EventDate "2002.??.??"]
[Source "www.chesslib.no"]
[SourceDate "2004.05.04"]

1. e4 e5 2. Nf3 Nc6 3. Bc4 Bc5 4. c3 Nf6 5. d3 d6 6. Bb3 O-O 7. Nbd2 Ne7 8. h3
Ng6 9. O-O c6 10. Re1 Re8 11. Nf1 h6 12. Ng3 d5 13. exd5 Nxd5 14. d4 exd4 15.
Rxe8+ Qxe8 16. Bxd5 cxd5 17. Nxd4 Bd6 18. Bd2 Be5 1/2-1/2

[Event "EU-ch 2nd playoff g15'"]
[Site "Ohrid"]
[Date "2001.06.15"]
[Round "1.1"]
[White "Almasi, Zoltan"]
[Black "Piket, Jeroen"]
[Result "1/2-1/2"]
[WhiteElo "2640"]
[BlackElo "2628"]
[PlyCount "90"]
[EventDate "2001.06.15"]
[Source "ChessBase"]
[SourceDate "2001.09.13"]

1. e4 e5 2. Nf3 Nc6 3. Bc4 Bc5 4. c3 Nf6 5. d3 a6 6. Bb3 d6 7. O-O Ba7 8. Nbd2
O-O 9. h3 Nh5 10. Nc4 Qf6 11. d4 Nf4 12. Bxf4 Qxf4 13. Re1 exd4 14. cxd4 Bd7
15. Bc2 Rae8 16. Ne3 Qf6 17. Nd5 Qd8 18. Qd3 Re6 19. Rac1 Rh6 20. Bb1 Kh8 21.
e5 dxe5 22. dxe5 Be6 23. Rcd1 Nd4 24. Nxd4 Qxd5 25. Nxe6 fxe6 26. Re2 Qxd3 27.
Rxd3 Rh4 28. g3 Rd4 29. Kg2 Rxd3 30. Bxd3 g5 31. Bc4 Bd4 32. b3 b5 33. Bxe6 Re8
34. Bf5 Rxe5 35. Rxe5 Bxe5 36. Kf3 Bd4 37. Ke2 Kg7 38. f4 gxf4 39. gxf4 b4 40.
Kd3 c5 41. Bc8 a5 42. Kc4 Kf6 43. Kb5 Be3 44. f5 h6 45. Kxa5 Bg1 1/2-1/2

[Event "Madrid 72/(307)"]
[Site "?"]
[Date "1998.??.??"]
[Round "?"]
[White "Yermolinsky, Alex"]
[Black "Anand, Viswanathan"]
[Result "1/2-1/2"]
[WhiteElo "2660"]
[BlackElo "2770"]
[PlyCount "54"]
[EventDate "1998.??.??"]
[Source "ChessBase"]
[SourceDate "1998.02.01"]

1. e4 e5 2. Nf3 Nc6 3. Bc4 Bc5 4. c3 Nf6 5. d3 d6 6. O-O O-O 7. b4 Bb6 8. a4 a6
9. Be3 Bxe3 10. fxe3 d5 11. exd5 Nxd5 12. Qd2 Be6 13. Na3 Qe7 14. e4 Nb6 15.
Bxe6 Qxe6 16. Nc2 Rad8 17. Ne3 f6 18. a5 Nc8 19. Nd5 Qd7 20. Rad1 N6e7 21.
Nxe7+ Qxe7 22. Qe3 Nd6 23. Rfe1 Nb5 24. d4 exd4 25. Nxd4 Nxd4 26. Rxd4 Rxd4 27.
Qxd4 Rd8 1/2-1/2

[Event "Nationale I Jeune, Vandoeuvre"]
[Site "?"]
[Date "1998.??.??"]
[Round "?"]
[White "Heinz, Timothee"]
[Black "Roesch, Remi"]
[Result "1-0"]
[WhiteElo "2840"]
[BlackElo "2620"]
[PlyCount "103"]
[EventDate "1998.??.??"]
[Source "www.chesslib.no"]
[SourceDate "2004.05.04"]

1. e4 e5 2. Nf3 Nc6 3. Bc4 Bc5 4. c3 Nf6 5. d3 d6 6. h3 h6 7. O-O O-O 8. Re1
Be6 9. Bb3 Qd7 10. Bc2 Rad8 11. Be3 b6 12. Nbd2 a5 13. Nb3 a4 14. Nxc5 dxc5 15.
Bxa4 Rb8 16. Nxe5 Qd6 17. Nxc6 Ra8 18. e5 Qd5 19. Ne7+ Kh8 20. Nxd5 Bxd5 21.
exf6 Rxa4 22. fxg7+ Kxg7 23. Qxa4 Rg8 24. Qg4+ Kh8 25. Qxg8+ Kxg8 26. a4 Bb7
27. b4 cxb4 28. cxb4 Ba6 29. Bxh6 Kh7 30. Bf4 c6 31. d4 Bb7 32. a5 bxa5 33.
bxa5 Ba6 34. Re8 Kg6 35. Ra8 Bc4 36. a6 Bxa6 37. R1xa6 Kg7 38. Rd8 f6 39. g4
Kf7 40. Kg2 Ke7 41. Kf3 Kxd8 42. Ra7 Ke8 43. Ke4 Kd8 44. Kf5 c5 45. Ke6 cxd4
46. Kd6 Ke8 47. h4 d3 48. h5 Kf8 49. h6 Kg8 50. h7+ Kh8 51. g5 fxg5 52. Be5#
1-0

[Event "Groningen (m/2) 71/(328)"]
[Site "?"]
[Date "1997.??.??"]
[Round "?"]
[White "Hjartarson, Johann"]
[Black "Aleksandrov, Aleksej"]
[Result "1/2-1/2"]
[WhiteElo "2605"]
[BlackElo "2660"]
[PlyCount "35"]
[EventDate "1997.??.??"]
[Source "ChessBase"]
[SourceDate "1997.10.01"]

1. e4 e5 2. Nf3 Nc6 3. Bc4 Bc5 4. c3 Nf6 5. d3 a6 6. Bb3 d6 7. O-O Ba7 8. Nbd2
O-O 9. h3 Be6 10. Re1 Bxb3 11. Qxb3 Qd7 12. Nf1 h6 13. Ng3 Rfe8 14. Nh4 d5 15.
Nhf5 dxe4 16. dxe4 Na5 17. Qc2 Rad8 18. Be3 1/2-1/2

[Event "Dos Hermanas"]
[Site "Dos Hermanas"]
[Date "1995.??.??"]
[Round "3"]
[White "Adams, Michael"]
[Black "Piket, Jeroen"]
[Result "1-0"]
[WhiteElo "2655"]
[BlackElo "2670"]
[PlyCount "121"]
[EventDate "1995.04.??"]
[Source "ChessBase"]

1. e4 e5 2. Nf3 Nc6 3. Bc4 Bc5 4. c3 Nf6 5. d3 a6 6. Nbd2 O-O 7. Bb3 d6 8. h3
Be6 9. Bc2 h6 10. O-O Re8 11. Qe2 Nh5 12. Kh2 Nf4 13. Qd1 Qf6 14. Ng1 Rad8 15.
Qf3 Qg6 16. Nb3 Nh5 17. Nxc5 dxc5 18. Be3 b6 19. Ne2 Nf6 20. Qg3 Qxg3+ 21. Nxg3
c4 22. Rfd1 cxd3 23. Bxd3 a5 24. Bc2 Rxd1 25. Bxd1 Rd8 26. Be2 Ne8 27. Nf1 Nd6
28. Nd2 f6 29. Kg1 Kf7 30. Kf1 Ke7 31. Ke1 Bf7 32. f3 Be6 33. Bf2 g6 34. b3 Kf7
35. Bd3 Nc8 36. Ke2 N8e7 37. h4 h5 38. Be3 Rd7 39. a3 Rd8 40. a4 Ra8 41. Nc4
Rd8 42. Rg1 Nc8 43. Rb1 Nd6 44. Nxd6+ Rxd6 45. Kd2 Ne7 46. Kc2 Bd7 47. Rg1 Be6
48. Be2 Rd8 49. Rf1 Nc8 50. f4 Nd6 51. Bd3 exf4 52. Bxf4 Ne8 53. Bb5 Nd6 54.
Bc6 Kg7 55. e5 Bf5+ 56. Kb2 Nf7 57. exf6+ Kxf6 58. g3 Rc8 59. Re1 Rd8 60. Bxc7
Rc8 61. Bxb6 1-0

[Event "10"]
[Site "Intel Qualifier Moscow RUS"]
[Date "1995.??.??"]
[Round "?"]
[White "Speelman, Jonathan S"]
[Black "Morozevich, Alexander"]
[Result "1/2-1/2"]
[WhiteElo "2610"]
[BlackElo "2605"]
[PlyCount "80"]
[EventDate "1995.??.??"]
[Source "www.chesslib.no"]
[SourceDate "2004.05.04"]

1. Nf3 Nc6 2. e4 e5 3. Bc4 Bc5 4. c3 Nf6 5. d3 d6 6. a4 a6 7. O-O O-O 8. Nbd2
Ba7 9. Re1 Ne7 10. Nf1 c6 11. Bb3 Ng6 12. Be3 Bb8 13. Ng3 h6 14. d4 Bc7 15.
dxe5 dxe5 16. Bc5 Re8 17. h3 b6 18. Be3 Qe7 19. Nf5 Qf8 20. Nd2 Nf4 21. Bxf4
exf4 22. Nd4 Bb7 23. N4f3 Nd7 24. Ba2 Rad8 25. Qc2 b5 26. axb5 cxb5 27. b4 Rc8
28. Bd5 Bxd5 29. exd5 Rxe1+ 30. Rxe1 Nf6 31. Qa2 Qd6 32. Ne4 Nxe4 33. Rxe4 Bb6
34. c4 bxc4 35. Rxc4 Rd8 36. Rc6 Qxb4 37. Qxa6 Qb1+ 38. Qf1 Qb2 39. d6 Ra8 40.
d7 Ra1 1/2-1/2

[Event "Deutschland"]
[Site "?"]
[Date "1994.??.??"]
[Round "?"]
[White "Bologan, V."]
[Black "Huebner, R."]
[Result "1/2-1/2"]
[WhiteElo "2600"]
[BlackElo "2605"]
[PlyCount "72"]
[EventDate "1994.??.??"]
[Source "ChessBase"]
[SourceDate "1994.10.01"]

1. e4 e5 2. Nf3 Nc6 3. Bc4 Bc5 4. c3 Nf6 5. d3 a6 6. Nbd2 O-O 7. h3 Ba7 8. Bb3
d5 9. Qe2 Re8 10. Nf1 Na5 11. Bc2 Bd7 12. a4 c5 13. Bg5 d4 14. Ng3 h6 15. Bd2
dxc3 16. Bxc3 Nc6 17. O-O b5 18. Bb3 Bb6 19. Rfc1 Rc8 20. axb5 axb5 21. Qd1 Rc7
22. Ra6 Ra7 23. Rxa7 Bxa7 24. Nh4 Nd4 25. Bxd4 exd4 26. Nf3 Bc6 27. e5 Bxf3 28.
Qxf3 Rxe5 29. Ne4 Bb6 30. Nxf6+ Qxf6 31. Qxf6 gxf6 32. Kf1 Ba5 33. Ra1 Bb4 34.
g3 Re7 35. Ra8+ Kg7 36. Rb8 Re1+ 1/2-1/2

[Event "NED Team Ch 9495"]
[Site "NED"]
[Date "1994.??.??"]
[Round "7"]
[White "Adams, Michael"]
[Black "Van der Sterren, Paul"]
[Result "1/2-1/2"]
[WhiteElo "2660"]
[BlackElo "2605"]
[PlyCount "132"]
[EventDate "1994.??.??"]
[Source "www.chesslib.no"]
[SourceDate "2004.05.04"]

1. e4 e5 2. Nf3 Nc6 3. Bc4 Bc5 4. c3 Nf6 5. d3 a6 6. Nbd2 O-O 7. Bb3 d6 8. h3
Be6 9. Nf1 Bxb3 10. axb3 d5 11. Qe2 dxe4 12. dxe4 Nh5 13. g3 Qd7 14. b4 Ba7 15.
Be3 Nf6 16. Bxa7 Nxa7 17. g4 Qb5 18. Ng3 Rfe8 19. Ra5 Qxe2+ 20. Kxe2 Nc6 21.
Raa1 Rad8 22. g5 Nd7 23. h4 Nf8 24. Ke3 Ne6 25. Ne2 Rd6 26. Rhd1 Red8 27. Rxd6
Rxd6 28. Ne1 g6 29. Nd3 f6 30. gxf6 Kf7 31. f4 exf4+ 32. Ndxf4 Nxf4 33. Nxf4
Ne5 34. b3 c6 35. Rg1 Kxf6 36. Ke2 h6 37. Rg3 Ke7 38. Rg1 Rf6 39. Nd3 Nxd3 40.
Kxd3 Rd6+ 41. Ke3 g5 42. hxg5 Rg6 43. Rh1 hxg5 44. Rh7+ Ke6 45. Rxb7 g4 46. Rb6
Ke5 47. Rxa6 g3 48. Ra5+ Ke6 49. Ra1 g2 50. Kf2 Ke5 51. Rg1 Rf6+ 52. Kxg2 Kxe4
53. Rd1 Ke3 54. Rd4 Ke2 55. c4 Rf2+ 56. Kg3 Rf3+ 57. Kg4 Rxb3 58. c5 Ke3 59.
Rf4 Kd2 60. Rf6 Kc3 61. Rxc6 Rxb4+ 62. Kf5 Kc4 63. Ke6 Kb5 64. Kd7 Rd4+ 65. Rd6
Kxc5 66. Rxd4 Kxd4 1/2-1/2

[Event "Reggio Emilia ITA"]
[Site "Reggio Emilia ITA"]
[Date "1992.??.??"]
[Round "5"]
[White "Ivanchuk, Vassily"]
[Black "Khalifman, Alexander V"]
[Result "1-0"]
[WhiteElo "2720"]
[BlackElo "2625"]
[PlyCount "91"]
[EventDate "1992.??.??"]
[Source "www.chesslib.no"]
[SourceDate "2004.05.04"]

1. e4 e5 2. Nf3 Nc6 3. Bc4 Bc5 4. c3 Nf6 5. b4 Bb6 6. d3 d6 7. a4 a5 8. b5 Ne7
9. O-O Ng6 10. Nbd2 O-O 11. Ba3 Nh5 12. d4 Nhf4 13. Re1 Bg4 14. h3 Bxf3 15.
gxf3 Nxh3+ 16. Kh2 Nxf2 17. Qe2 Ng4+ 18. Kg3 Nf4 19. Qf1 Qf6 20. Qh1 Qg6 21.
Qh4 Nh5+ 22. Kg2 Ne3+ 23. Kf2 Ng2 24. Qh2 Nxe1 25. Rxe1 Nf6 26. Qg2 Rfe8 27.
Qxg6 hxg6 28. Bb3 d5 29. exd5 exd4 30. Rxe8+ Rxe8 31. cxd4 Rd8 32. d6 cxd6 33.
Nc4 Bc7 34. b6 Bb8 35. Nxa5 Rd7 36. d5 Ne4+ 37. Kg2 Nc5 38. Bd1 Re7 39. f4 f6
40. Nc6 Na6 41. Nd4 Re4 42. Be2 Rxd4 43. Bxa6 Rd2+ 44. Kf1 Rc2 45. Bb5 Kf8 46.
a5 1-0

[Event "WC"]
[Site "Rotterdam WC"]
[Date "1989.??.??"]
[Round "?"]
[White "Ehlvest, Jaan"]
[Black "Karpov, Anatoly"]
[Result "1/2-1/2"]
[WhiteElo "2600"]
[BlackElo "2750"]
[PlyCount "51"]
[EventDate "1989.??.??"]
[Source "www.chesslib.no"]
[SourceDate "2004.05.04"]

1. e4 e5 2. Nf3 Nc6 3. Bc4 Bc5 4. c3 Nf6 5. d3 a6 6. O-O Ba7 7. Nbd2 O-O 8. Re1
d6 9. Bb3 Nh5 10. Nf1 Qf6 11. Bg5 Qg6 12. Qd2 h6 13. Be3 Bxe3 14. Nxe3 Nf4 15.
g3 Be6 16. Nh4 Qg5 17. Nhf5 Rae8 18. h4 Qg6 19. Kh2 Nh5 20. Qe2 Nf6 21. Qf3 Kh8
22. Rg1 Bxb3 23. axb3 Nd8 24. Rad1 Ne6 25. b4 Qh7 26. Nd5 1/2-1/2